BULBOUS plants biotechnology

Պահպանված է:
Մատենագիտական մանրամասներ
Ձևաչափ: Գիրք
Լեզու:անգլերեն
Հրապարակվել է: Boca Raton 2014.
Ցուցիչներ: Ավելացրեք ցուցիչ
Չկան պիտակներ, Եղեք առաջինը, ով նշում է այս գրառումը!

MARC

LEADER 00000nam a22000007a 4500
008 210426b ||||| |||| 00| 0 eng d
020 |a 978-1-4665-8967-4 
245 |a BULBOUS plants  |b biotechnology  |g viii, 442p.; ill. 
250 |c K. G. Ramawat, J. M. Merillon 
260 |b Boca Raton  |c 2014.  |h CRC Press, USA  |i 689923  |l SB425 .B87  |m Bulbs (Plants) - Biotechnology 
500 |a “Includes bibliographical references and index”. 
942 |a lcc  |c BK  |e Ogunmilade, F.T.  |f 26/04/2021 
952 |0 0  |1 0  |2 lcc  |4 0  |6 SB0425 B87  |7 0  |9 2322  |a HOL  |b HOL  |c LP  |d 2021-04-26  |l 0  |o SB425 .B87  |p 2021-6176  |r 2021-04-26 00:00:00  |w 2021-04-26  |y BK 
999 |c 1196  |d 1196